[Event "Pan American-ch U16 24th"]
[Site "Pocos de Caldas"]
[Date "2013.07.30"]
[Round "8.9"]
[White "Brito Valdes, Santiago Jose"]
[Black "Valenzuela Martinez, Hermes"]
[Result "1-0"]
[WhiteElo "2063"]
[BlackElo "1865"]
[PlyCount "93"]
[EventDate "2013.07.25"]
[EventType "swiss"]
[EventRounds "9"]
[EventCountry "BRA"]
[SourceTitle "EXT 2016"]
[Source "ChessBase"]
[SourceDate "2015.10.08"]
[SourceVersion "1"]
[SourceVersionDate "2015.10.08"]
[SourceQuality "1"]

1. e4 d5 2. exd5 Qxd5 3. Nc3 Qa5 4. d4 Nf6 5. Nf3 Bg4 6. Bc4 c6 7. Qe2 e6 8. h3 Bxf3 9. Qxf3 Bd6 10. 0-0 Nbd7 11. Be3 0-0 12. Rad1 Rfe8 13. Bb3 Rad8 14. Ne4 Nxe4 15. Qxe4 Nf6 16. Qf3 h6 17. Bxh6 Qh5 18. Qxh5 Nxh5 19. Bg5 Be7 20. Be3 Rd7 21. c3 Red8 22. Rde1 Nf6 23. Bc1 c5 24. dxc5 Bxc5 25. Kh1 a6 26. Bg5 Be7 27. Be3 Nd5 28. Bc1 Nf6 29. f4 Nh5 30. Rf3 Rd3 31. Rxd3 Rxd3 32. Bc2 Rd5 33. g4 Bh4 34. Rd1 Nf6 35. Rxd5 Nxd5 36. Be4 b6 37. Bxd5 exd5 38. Be3 Bd8 39. Bd4 Bc7 40. Be5 Bxe5 41. fxe5 Kf8 42. Kg2 Ke7 43. Kf3 g5 44. Ke3 Kd7 45. Kd4 Kc6 46. b3 b5 47. b4 1-0

[Event "Pan American-ch U16 24th"]
[Site "Pocos de Caldas"]
[Date "2013.07.29"]
[Round "6.4"]
[White "Brito Valdes, Santiago Jose"]
[Black "Araujo Lazaro, Juan Jose"]
[Result "0-1"]
[WhiteElo "2063"]
[BlackElo "1917"]
[PlyCount "110"]
[EventDate "2013.07.25"]
[EventType "swiss"]
[EventRounds "9"]
[EventCountry "BRA"]
[SourceTitle "EXT 2016"]
[Source "ChessBase"]
[SourceDate "2015.10.08"]
[SourceVersion "1"]
[SourceVersionDate "2015.10.08"]
[SourceQuality "1"]

1. e4 c5 2. Nc3 a6 3. a4 g6 4. f4 Bg7 5. Nf3 Nc6 6. Bc4 e6 7. 0-0 Nge7 8. d3 d5 9. Bb3 Rb8 10. Qe1 0-0 11. f5 c4 12. f6 Bxf6 13. dxc4 d4 14. e5 Bg7 15. Ne4 Nxe5 16. Nxe5 Bxe5 17. Bg5 Qc7 18. Nf6+ Bxf6 19. Bxf6 Qc5 20. Qd2 Nf5 21. Rae1 Ne3 22. Rf3 Ng4 23. Bxd4 Qc7 24. Qf4 Qxf4 25. Rxf4 Nh6 26. Be5 Ra8 27. Rd1 Nf5 28. c5 g5 29. Rf3 h5 30. h3 Kh7 31. Bf6 Kg6 32. Bc3 f6 33. g4 hxg4 34. hxg4 Nh4 35. Rf2 e5 36. Bd5 Bxg4 37. Be4+ Kh5 38. Rd6 f5 39. Bxb7 Rae8 40. Bc6 Re7 41. Rd7 Re6 42. Rd6 Re7 43. Rd7 Rxd7 44. Bxd7 e4 45. c6 f4 46. Bxg4+ Kxg4 47. c7 e3 48. Re2 Rc8 49. Ba5 Nf3+ 50. Kf1 Kf5 51. Bb6 Ke6 52. Rg2 Rh8 53. Ba5 Rh1+ 54. Rg1 Rxg1+ 55. Ke2 Nd4+ 0-1

[Event "Pan American-ch U16 24th"]
[Site "Pocos de Caldas"]
[Date "2013.07.27"]
[Round "3.4"]
[White "Lopez, Bruno"]
[Black "Brito Valdes, Santiago Jose"]
[Result "1/2-1/2"]
[WhiteElo "1819"]
[BlackElo "2063"]
[PlyCount "64"]
[EventDate "2013.07.25"]
[EventType "swiss"]
[EventRounds "9"]
[EventCountry "BRA"]
[SourceTitle "EXT 2016"]
[Source "ChessBase"]
[SourceDate "2015.10.08"]
[SourceVersion "1"]
[SourceVersionDate "2015.10.08"]
[SourceQuality "1"]

1. e4 c5 2. Nf3 d6 3. d4 cxd4 4. Nxd4 Nf6 5. Nc3 a6 6. f3 e5 7. Nb3 Be7 8. Be3 Be6 9. Qd2 0-0 10. 0-0-0 Nbd7 11. g4 b5 12. h4 b4 13. Nd5 Bxd5 14. exd5 Qc7 15. h5 Rfc8 16. Kb1 a5 17. g5 a4 18. Na1 Ne8 19. g6 Bf6 20. Bh3 Rcb8 21. Bg5 b3 22. cxb3 axb3 23. a3 Nc5 24. Bxf6 Nxf6 25. Rc1 Qb7 26. Rcd1 Ra4 27. gxf7+ Qxf7 28. Be6 Nxe6 29. dxe6 Qxe6 30. Qxd6 Qxd6 31. Rxd6 e4 32. fxe4 Rxe4 1/2-1/2

[Event "Capablanca Memorial op-B 48th"]
[Site "Havana"]
[Date "2013.04.29"]
[Round "8"]
[White "Brito Valdes, Santiago Jose"]
[Black "Riera Mestres, Josep"]
[Result "1-0"]
[WhiteElo "2058"]
[BlackElo "1521"]
[PlyCount "61"]
[EventDate "2013.04.21"]
[EventType "swiss"]
[EventRounds "9"]
[EventCountry "CUB"]
[SourceTitle "CBM 154 Extra"]
[Source "ChessBase"]
[SourceDate "2013.06.25"]
[SourceVersion "2"]
[SourceVersionDate "2013.06.25"]
[SourceQuality "1"]

1. e4 c5 2. Nf3 e6 3. d4 cxd4 4. Nxd4 Nf6 5. Nc3 Bb4 6. e5 Nd5 7. Bd2 Nxc3 8. bxc3 Be7 9. Qg4 g6 10. h4 h5 11. Qg3 a6 12. Bd3 Rg8 13. Qf4 Bf8 14. g4 Rh8 15. Nf3 Bg7 16. Ng5 Qe7 17. Ne4 Nc6 18. gxh5 Bxe5 19. Qf3 Rxh5 20. Bg5 Qa3 21. Nf6+ Kf8 22. Nxh5 Qxc3+ 23. Kf1 Qxa1+ 24. Kg2 Qxa2 25. Bxg6 f5 26. Nf4 Bg7 27. h5 Ne5 28. h6 Bh8 29. Qc3 Qc4 30. Qa3+ Kg8 31. h7+ 1-0

[Event "Capablanca Memorial op-B 48th"]
[Site "Havana"]
[Date "2013.04.25"]
[Round "5"]
[White "Campos Jimenez, Augusto Cesar"]
[Black "Brito Valdes, Santiago Jose"]
[Result "1-0"]
[WhiteElo "2203"]
[BlackElo "2058"]
[PlyCount "63"]
[EventDate "2013.04.21"]
[EventType "swiss"]
[EventRounds "9"]
[EventCountry "CUB"]
[SourceTitle "CBM 154 Extra"]
[Source "ChessBase"]
[SourceDate "2013.06.25"]
[SourceVersion "2"]
[SourceVersionDate "2013.06.25"]
[SourceQuality "1"]

1. e4 c5 2. Nf3 d6 3. d4 cxd4 4. Nxd4 Nf6 5. Nc3 a6 6. Bc4 e6 7. Bb3 Nbd7 8. Bg5 Nc5 9. f4 Be7 10. Qf3 Qc7 11. 0-0-0 0-0 12. Rhe1 b5 13. Bd5 exd5 14. Bxf6 Bxf6 15. Nxd5 Qb7 16. Nxf6+ gxf6 17. Qg3+ Kh8 18. Qh4 Nxe4 19. f5 Re8 20. Rd3 Qd5 21. Rxe4 Qxe4 22. Qxf6+ Kg8 23. Rg3+ Kf8 24. Qh6+ Ke7 25. Re3 Kd7 26. Rxe4 Rxe4 27. Qf6 Bb7 28. Qxf7+ Re7 29. Qh5 Rae8 30. f6 Re1+ 31. Kd2 Rf1 32. Qf7+ 1-0

[Event "Capablanca Memorial op-B 48th"]
[Site "Havana"]
[Date "2013.04.24"]
[Round "4"]
[White "Brito Valdes, Santiago Jose"]
[Black "Almirall Exposito, Pedro Antonio"]
[Result "1-0"]
[WhiteElo "2058"]
[BlackElo "2192"]
[PlyCount "191"]
[EventDate "2013.04.21"]
[EventType "swiss"]
[EventRounds "9"]
[EventCountry "CUB"]
[SourceTitle "CBM 154 Extra"]
[Source "ChessBase"]
[SourceDate "2013.06.25"]
[SourceVersion "2"]
[SourceVersionDate "2013.06.25"]
[SourceQuality "1"]

1. e4 d5 2. exd5 Qxd5 3. Nc3 Qa5 4. d4 Nf6 5. Nf3 Bf5 6. Bc4 e6 7. Bd2 Bb4 8. a3 Bxc3 9. Bxc3 Qb6 10. Qe2 c6 11. Ne5 Ne4 12. g4 Nxc3 13. bxc3 Bg6 14. Bb3 Qa5 15. Kd2 Nd7 16. Nxd7 Kxd7 17. h4 h5 18. Rae1 Rhe8 19. gxh5 Bxh5 20. Qe5 Qxe5 21. Rxe5 Rh8 22. Rg1 Bg6 23. Bxe6+ Kd6 24. Bf5 Bh7 25. Rxg7 Bg8 26. Re4 Rh5 27. Rg5 Rh6 28. Reg4 Bh7 29. Bxh7 Rxh7 30. Rg7 Rah8 31. Rxh7 Rxh7 32. Rf4 Ke6 33. Re4+ Kd6 34. c4 f5 35. Rf4 Ke6 36. Kc3 Rh5 37. Kb4 Kd6 38. c5+ Ke6 39. a4 Rh7 40. a5 a6 41. Kc3 Kf6 42. Kd3 Ke6 43. c4 Rh5 44. f3 Rh7 45. d5+ cxd5 46. cxd5+ Kxd5 47. Rxf5+ Ke6 48. Rf4 Kd5 49. Rf5+ Ke6 50. Rf4 Kd5 51. Rg4 Kxc5 52. Rg5+ Kd6 53. h5 Ke6 54. Ke4 Rc7 55. Rg6+ Kf7 56. Rb6 Rc5 57. Rxb7+ Kg8 58. f4 Rxa5 59. f5 Rc5 60. Ra7 Rc6 61. Kf4 Rb6 62. Kg5 Rc6 63. h6 Rb6 64. Rg7+ Kh8 65. Rg6 Rb7 66. Rxa6 Kh7 67. Rd6 Ra7 68. Rc6 Rb7 69. Re6 Ra7 70. Re5 Ra1 71. Re7+ Kg8 72. Rg7+ Kh8 73. Rb7 Kg8 74. Kg6 Rg1+ 75. Kf6 Rh1 76. Rb8+ Kh7 77. Kf7 Ra1 78. f6 Re1 79. Rb2 Re3 80. Kf8 Ra3 81. f7 Ra8+ 82. Ke7 Ra7+ 83. Ke6 Ra6+ 84. Ke5 Ra5+ 85. Kf6 Ra6+ 86. Kg5 Ra5+ 87. Kg4 Ra4+ 88. Kg3 Ra3+ 89. Kg2 Ra8 90. Rf2 Rf8 91. Rf6 Kh8 92. Kg3 Kh7 93. Kg4 Kh8 94. Kh5 Kh7 95. Kg5 Kh8 96. Kg6 1-0

[Event "Capablanca Memorial op-B 48th"]
[Site "Havana"]
[Date "2013.04.22"]
[Round "2"]
[White "Agra Caballero, Ariel"]
[Black "Brito Valdes, Santiago Jose"]
[Result "1/2-1/2"]
[WhiteElo "2202"]
[BlackElo "2058"]
[PlyCount "116"]
[EventDate "2013.04.21"]
[EventType "swiss"]
[EventRounds "9"]
[EventCountry "CUB"]
[SourceTitle "CBM 154 Extra"]
[Source "ChessBase"]
[SourceDate "2013.06.25"]
[SourceVersion "2"]
[SourceVersionDate "2013.06.25"]
[SourceQuality "1"]

1. d4 Nf6 2. Nf3 e6 3. c4 Bb4+ 4. Nbd2 0-0 5. g3 b6 6. Bg2 Bb7 7. 0-0 Be7 8. b3 d6 9. Qc2 Nbd7 10. Bb2 c5 11. dxc5 Nxc5 12. Rfd1 Rc8 13. b4 Ncd7 14. Qb3 Qc7 15. Rac1 Qb8 16. Nd4 Bxg2 17. Kxg2 a6 18. N2f3 Rc7 19. b5 Nc5 20. Qc2 d5 21. Nc6 Qe8 22. Nfe5 dxc4 23. Qxc4 axb5 24. Qxb5 Nd5 25. Rxd5 exd5 26. Bd4 f6 27. Qxb6 Rb7 28. Nxe7+ Qxe7 29. Bxc5 Rxb6 30. Bxe7 fxe5 31. Bxf8 Kxf8 32. Rc5 Rb2 33. Kf3 e4+ 34. Ke3 d4+ 35. Kxd4 Rxe2 36. Rf5+ Ke7 37. a4 g6 38. Rf4 Kd6 39. a5 Ra2 40. a6 Ra4+ 41. Ke3 Ke5 42. Rf7 Ra3+ 43. Ke2 Rxa6 44. Rxh7 Ra2+ 45. Kf1 Kf5 46. Re7 g5 47. h3 Rb2 48. Ra7 e3 49. Ra5+ Ke4 50. fxe3 Kf3 51. Rf5+ Kxg3 52. Rxg5+ Kf3 53. Rf5+ Kxe3 54. Kg1 Ke4 55. Rf7 Ke5 56. h4 Ke6 57. Rf4 Ke5 58. Rf8 Rb4 1/2-1/2

[Event "Havana Province-ch U14"]
[Site "Havana"]
[Date "2010.03.28"]
[Round "6"]
[White "Brito Valdes, Santiago Jose"]
[Black "Interian Rodriguez, Alberto de Dios"]
[Result "0-1"]
[WhiteElo "2018"]
[BlackElo "2058"]
[PlyCount "112"]
[EventDate "2010.03.21"]
[EventType "tourn"]
[EventRounds "13"]
[EventCountry "CUB"]
[EventCategory "1"]
[SourceTitle "EXT 2012"]
[Source "ChessBase"]
[SourceDate "2011.11.24"]
[SourceVersion "1"]
[SourceVersionDate "2011.11.24"]
[SourceQuality "1"]

1. e4 c5 2. Nc3 e6 3. f4 Nc6 4. Nf3 g6 5. g3 Bg7 6. Bg2 Nge7 7. 0-0 0-0 8. d3 Nd4 9. Ne2 Nec6 10. c3 Nxf3+ 11. Bxf3 Rb8 12. g4 d6 13. f5 Ne5 14. Ng3 Nxf3+ 15. Qxf3 exf5 16. gxf5 Qh4 17. Bf4 Be5 18. Qe3 Bxf4 19. Rxf4 Qg5 20. Qf3 Bd7 21. Rg4 Qd2 22. Qe2 Qxe2 23. Nxe2 Rfe8 24. Ng3 b5 25. Nh5 Red8 26. Nf6+ Kg7 27. Nxd7 Rxd7 28. Rf1 b4 29. c4 Rb6 30. Rf2 Ra6 31. b3 Ra3 32. h4 a5 33. h5 a4 34. hxg6 fxg6 35. f6+ Kf7 36. Rh4 h5 37. Rb2 Kxf6 38. Rh3 axb3 39. axb3 Rda7 40. Rhh2 Ra1+ 41. Kf2 R1a2 42. Kf3 Rxb2 43. Rxb2 Ra3 44. Ke3 g5 45. Rf2+ Kg6 46. Rf5 Rxb3 47. Rd5 g4 48. Rxd6+ Kg5 49. Rd5+ Kh4 50. Rxc5 g3 51. Rd5 Rb2 52. Rd8 g2 53. Rg8 Kh3 54. Kf3 Kh2 55. Rg5 h4 56. Rg4 h3 0-1